[Event "Benidorm Satellite preliminary"]
[Site "playchess.com #007036"]
[Date "2009.10.24"]
[Round "3"]
[White "FlorianKull"]
[Black "Racoony"]
[Result "0-1"]
[WhiteElo "2054"]
[BlackElo "1712"]
[PlyCount "64"]
[EventDate "2009.10.24"]
[EventType "swiss (blitz)"]

1. Nf3 {[%emt 0:00:04]} Nf6 {[%emt 0:00:02]} 2. c4 {[%emt 0:00:02]} g6 {[%emt
0:00:02]} 3. Nc3 {[%emt 0:00:02]} Bg7 {[%emt 0:00:01]} 4. g3 {[%emt 0:00:01]}
O-O {[%emt 0:00:01]} 5. Bg2 {[%emt 0:00:00]} d6 {[%emt 0:00:01]} 6. O-O {[%emt
0:00:00]} e5 {[%emt 0:00:01]} 7. d3 {[%emt 0:00:00]} Nc6 {[%emt 0:00:01]} 8.
Rb1 {[%emt 0:00:00]} a5 {[%emt 0:00:03]} 9. a3 {[%emt 0:00:01]} h6 {[%emt 0:00:
01]} 10. b4 {[%emt 0:00:00]} axb4 {[%emt 0:00:01]} 11. axb4 {[%emt 0:00:00]}
Be6 {[%emt 0:00:01]} 12. b5 {[%emt 0:00:01]} Ne7 {[%emt 0:00:03]} 13. Bb2 {
[%emt 0:00:01]} Qd7 {[%emt 0:00:03]} 14. Re1 {[%emt 0:00:00]} Bh3 {[%emt 0:00:
03]} 15. Bh1 {[%emt 0:00:00]} Ne8 {[%emt 0:00:18]} 16. Qb3 {[%emt 0:00:02]} Kh7
{[%emt 0:00:30]} 17. Nd2 {[%emt 0:00:02]} Rb8 {[%emt 0:00:04]} 18. Nd5 {[%emt
0:00:05]} f5 {[%emt 0:00:11]} 19. Ra1 {[%emt 0:00:05]} Nf6 {[%emt 0:00:05]} 20.
Ra7 {[%emt 0:00:06]} Nexd5 {[%emt 0:00:27]} 21. cxd5 {[%emt 0:00:00]} e4 {
[%emt 0:00:01]} 22. dxe4 {[%emt 0:00:18]} fxe4 {[%emt 0:00:03]} 23. Nxe4 {
[%emt 0:00:01]} Nxe4 {[%emt 0:00:01]} 24. Bxe4 {[%emt 0:00:01]} Qf7 {[%emt 0:
00:07]} 25. Bf3 {[%emt 0:00:04]} Bg4 {[%emt 0:00:05]} 26. Bxg7 {[%emt 0:00:02]}
Kxg7 {[%emt 0:00:06]} 27. b6 {[%emt 0:00:07]} Bxf3 {[%emt 0:00:08]} 28. exf3 {
[%emt 0:00:02]} c6 {[%emt 0:00:08]} 29. dxc6 {[%emt 0:00:04]} Qxb3 {[%emt 0:00:
02]} 30. c7 {[%emt 0:00:04]} Rbc8 {[%emt 0:00:03]} 31. Rxb7 {[%emt 0:00:01]}
Qxf3 {[%emt 0:00:05]} 32. Rf1 {[%emt 0:00:01]} Qxb7 {[%emt 0:00:02]
FlorianKull gibt auf} 0-1

[Event "Benidorm Satellite preliminary"]
[Site "playchess.com #007036"]
[Date "2009.10.24"]
[Round "3"]
[White "Panosjoydome"]
[Black "Altamiro"]
[Result "0-1"]
[WhiteElo "1747"]
[BlackElo "2141"]
[PlyCount "52"]
[EventDate "2009.10.24"]
[EventType "swiss (blitz)"]

1. e4 {[%emt 0:00:03]} e5 {[%emt 0:00:01]} 2. Nf3 {[%emt 0:00:02]} Nc6 {[%emt
0:00:01]} 3. Nc3 {[%emt 0:00:01]} Nf6 {[%emt 0:00:02]} 4. Nxe5 {[%emt 0:00:02]}
Nxe5 {[%emt 0:00:02]} 5. d4 {[%emt 0:00:00]} Ng6 {[%emt 0:00:07]} 6. e5 {[%emt
0:00:01]} Ng8 {[%emt 0:00:01]} 7. Bc4 {[%emt 0:00:02]} Bb4 {[%emt 0:00:03]} 8.
Qf3 {[%emt 0:00:07]} Qe7 {[%emt 0:00:10]} 9. O-O {[%emt 0:00:06]} Bxc3 {[%emt
0:00:03]} 10. bxc3 {[%emt 0:00:02]} Nh6 {[%emt 0:00:36]} 11. Bxh6 {[%emt 0:00:
21]} gxh6 {[%emt 0:00:01]} 12. Qh5 {[%emt 0:00:10]} Qg5 {[%emt 0:00:03]} 13.
Qf3 {[%emt 0:00:06]} O-O {[%emt 0:00:04]} 14. g3 {[%emt 0:00:02]} d6 {[%emt 0:
00:14]} 15. h4 {[%emt 0:00:02]} Nxh4 {[%emt 0:00:03]} 16. Qd5 {[%emt 0:00:07]}
Be6 {[%emt 0:00:05]} 17. Qb5 {[%emt 0:00:15]} c6 {[%emt 0:00:20]} 18. Qb3 {
[%emt 0:00:06]} Bxc4 {[%emt 0:00:02]} 19. Qxc4 {[%emt 0:00:03]} Nf3+ {[%emt 0:
00:01]} 20. Kg2 {[%emt 0:00:03]} Nd2 {[%emt 0:00:01]} 21. Qb4 {[%emt 0:00:04]}
Nxf1 {[%emt 0:00:03]} 22. Rxf1 {[%emt 0:00:00]} dxe5 {[%emt 0:00:02]} 23. dxe5
{[%emt 0:00:06]} Qxe5 {[%emt 0:00:03]} 24. f4 {[%emt 0:00:01]} Qd5+ {[%emt 0:
00:04]} 25. Kf2 {[%emt 0:00:08]} b6 {[%emt 0:00:01]} 26. Qb1 {[%emt 0:00:09]
Panosjoydome resigns} Rad8 {[%emt 0:00:03]} 0-1

[Event "Benidorm Satellite preliminary"]
[Site "playchess.com #007036"]
[Date "2009.10.24"]
[Round "3"]
[White "Rpughiii"]
[Black "Nußhardt"]
[Result "0-1"]
[WhiteElo "1316"]
[BlackElo "1677"]
[PlyCount "44"]
[EventDate "2009.10.24"]
[EventType "swiss (blitz)"]

1. e4 {[%emt 0:00:04]} c5 {[%emt 0:00:02]} 2. Nf3 {[%emt 0:00:03]} e6 {[%emt 0:
00:01]} 3. d4 {[%emt 0:00:02]} d5 {[%emt 0:00:02]} 4. exd5 {[%emt 0:00:05]}
exd5 {[%emt 0:00:02]} 5. Bb5+ {[%emt 0:00:10]} Nc6 {[%emt 0:00:02]} 6. O-O {
[%emt 0:00:03]} Bd6 {[%emt 0:00:02]} 7. c4 {[%emt 0:00:13]} a6 {[%emt 0:00:07]}
8. Ba4 {[%emt 0:00:09]} Bd7 {[%emt 0:00:02]} 9. Re1+ {[%emt 0:00:02]} Nge7 {
[%emt 0:00:03]} 10. cxd5 {[%emt 0:00:06]} Nxd4 {[%emt 0:00:04]} 11. Bxd7+ {
[%emt 0:00:10]} Qxd7 {[%emt 0:00:03]} 12. Nxd4 {[%emt 0:00:02]} cxd4 {[%emt 0:
00:03]} 13. Qxd4 {[%emt 0:00:03]} O-O {[%emt 0:00:02]} 14. Nc3 {[%emt 0:00:09]}
b5 {[%emt 0:00:04]} 15. Bg5 {[%emt 0:00:17]} Ng6 {[%emt 0:00:05]} 16. Rac1 {
[%emt 0:00:23]} f6 {[%emt 0:00:04]} 17. Bd2 {[%emt 0:00:10]} Be5 {[%emt 0:00:
01]} 18. Qd3 {[%emt 0:00:20]} Rad8 {[%emt 0:00:07]} 19. Ne4 {[%emt 0:00:27]}
Qxd5 {[%emt 0:00:05]} 20. Qxd5+ {[%emt 0:00:02]} Rxd5 {[%emt 0:00:03]} 21. Bc3
{[%emt 0:00:05]} Rfd8 {[%emt 0:00:11]} 22. Rcd1 {[%emt 0:00:06]} Rxd1 {[%emt 0:
00:04] Rpughiii resigns} 0-1

[Event "Benidorm Satellite preliminary"]
[Site "playchess.com #007036"]
[Date "2009.10.24"]
[Round "3"]
[White "Althusius"]
[Black "PabloSandoval"]
[Result "0-1"]
[WhiteElo "1723"]
[BlackElo "2073"]
[PlyCount "50"]
[EventDate "2009.10.24"]
[EventType "swiss (blitz)"]

1. e4 {[%emt 0:00:02]} c5 {[%emt 0:00:01]} 2. Nf3 {[%emt 0:00:02]} d6 {[%emt 0:
00:01]} 3. d4 {[%emt 0:00:03]} cxd4 {[%emt 0:00:01]} 4. Nxd4 {[%emt 0:00:01]}
Nf6 {[%emt 0:00:01]} 5. Nc3 {[%emt 0:00:02]} a6 {[%emt 0:00:01]} 6. g3 {[%emt
0:00:04]} g6 {[%emt 0:00:04]} 7. Bg2 {[%emt 0:00:07]} Bg7 {[%emt 0:00:01]} 8.
O-O {[%emt 0:00:02]} O-O {[%emt 0:00:01]} 9. h3 {[%emt 0:00:43]} Nbd7 {[%emt 0:
00:07]} 10. Be3 {[%emt 0:00:15]} Qc7 {[%emt 0:00:01]} 11. Qe2 {[%emt 0:00:32]}
e5 {[%emt 0:00:08]} 12. Nb3 {[%emt 0:00:15]} b5 {[%emt 0:00:02]} 13. Rad1 {
[%emt 0:00:21]} Nb6 {[%emt 0:00:01]} 14. Bxb6 {[%emt 0:00:21]} Qxb6 {[%emt 0:
00:05]} 15. Rd3 {[%emt 0:00:27]} Be6 {[%emt 0:00:04]} 16. Rfd1 {[%emt 0:00:03]}
Rfd8 {[%emt 0:00:03]} 17. Qd2 {[%emt 0:00:06]} Bf8 {[%emt 0:00:07]} 18. Qe3 {
[%emt 0:00:01]} Qc7 {[%emt 0:00:05]} 19. f4 {[%emt 0:00:01]} b4 {[%emt 0:00:09]
} 20. Ne2 {[%emt 0:00:03]} a5 {[%emt 0:00:03]} 21. Kh2 {[%emt 0:00:02]} a4 {
[%emt 0:00:01]} 22. Na1 {[%emt 0:00:02]} Be7 {[%emt 0:00:06]} 23. fxe5 {[%emt
0:00:02]} dxe5 {[%emt 0:00:01]} 24. Rxd8+ {[%emt 0:00:02]} Rxd8 {[%emt 0:00:00]
} 25. c3 {[%emt 0:00:02]} Rxd1 {[%emt 0:00:03] Althusius resigns} 0-1

[Event "Benidorm Satellite preliminary"]
[Site "playchess.com #007036"]
[Date "2009.10.24"]
[Round "3"]
[White "Retep1"]
[Black "Kampfgeist"]
[Result "1-0"]
[WhiteElo "1667"]
[BlackElo "1318"]
[PlyCount "47"]
[EventDate "2009.10.24"]
[EventType "swiss (blitz)"]

1. d4 {[%emt 0:00:01]} Nf6 {[%emt 0:00:02]} 2. c4 {[%emt 0:00:09]} g6 {[%emt 0:
00:03]} 3. Nc3 {[%emt 0:00:05]} d5 {[%emt 0:00:01]} 4. cxd5 {[%emt 0:00:04]}
Nxd5 {[%emt 0:00:01]} 5. e4 {[%emt 0:00:06]} Nxc3 {[%emt 0:00:01]} 6. bxc3 {
[%emt 0:00:00]} c5 {[%emt 0:00:02]} 7. Nf3 {[%emt 0:00:13]} Bg7 {[%emt 0:00:02]
} 8. Rb1 {[%emt 0:00:08]} O-O {[%emt 0:00:05]} 9. Be2 {[%emt 0:00:05]} b6 {
[%emt 0:00:02]} 10. O-O {[%emt 0:00:07]} Bb7 {[%emt 0:00:09]} 11. Qd3 {[%emt 0:
00:04]} Ba6 {[%emt 0:00:14]} 12. Qe3 {[%emt 0:00:05]} Bxe2 {[%emt 0:00:06]} 13.
Qxe2 {[%emt 0:00:05]} cxd4 {[%emt 0:00:01]} 14. cxd4 {[%emt 0:00:06]} Bxd4 {
[%emt 0:00:02]} 15. Rd1 {[%emt 0:00:17]} Nc6 {[%emt 0:00:13]} 16. e5 {[%emt 0:
00:07]} Qc7 {[%emt 0:00:09]} 17. Nxd4 {[%emt 0:00:08]} Nxd4 {[%emt 0:00:09]}
18. Rxd4 {[%emt 0:00:05]} Rad8 {[%emt 0:00:02]} 19. Rxd8 {[%emt 0:00:12]} Rxd8
{[%emt 0:00:02]} 20. Bh6 {[%emt 0:00:14]} Qc5 {[%emt 0:00:24]} 21. Rd1 {[%emt
0:00:11]} Rxd1+ {[%emt 0:00:10]} 22. Qxd1 {[%emt 0:00:01]} f5 {[%emt 0:00:09]}
23. e6 {[%emt 0:00:07]} Qc7 {[%emt 0:00:13]} 24. Qa1 {[%emt 0:00:05]
Kampfgeist gibt auf} 1-0

[Event "Benidorm Satellite preliminary"]
[Site "playchess.com #007036"]
[Date "2009.10.24"]
[Round "3"]
[White "CubaChessPraxis"]
[Black "Franky Bono"]
[Result "1-0"]
[WhiteElo "2105"]
[BlackElo "2064"]
[PlyCount "71"]
[EventDate "2009.10.24"]
[EventType "swiss (blitz)"]

1. d4 {[%emt 0:00:04]} d5 {[%emt 0:00:01]} 2. c4 {[%emt 0:00:02]} c6 {[%emt 0:
00:01]} 3. Nf3 {[%emt 0:00:02]} Nf6 {[%emt 0:00:01]} 4. Nbd2 {[%emt 0:00:01]}
e6 {[%emt 0:00:02]} 5. g3 {[%emt 0:00:01]} Nbd7 {[%emt 0:00:02]} 6. Bg2 {[%emt
0:00:01]} Be7 {[%emt 0:00:01]} 7. O-O {[%emt 0:00:02]} b6 {[%emt 0:00:01]} 8.
b3 {[%emt 0:00:01]} Bb7 {[%emt 0:00:01]} 9. Bb2 {[%emt 0:00:01]} c5 {[%emt 0:
00:03]} 10. e3 {[%emt 0:00:02]} cxd4 {[%emt 0:00:01]} 11. exd4 {[%emt 0:00:02]}
dxc4 {[%emt 0:00:02]} 12. bxc4 {[%emt 0:00:01]} O-O {[%emt 0:00:01]} 13. Qb3 {
[%emt 0:00:06]} Qc7 {[%emt 0:00:02]} 14. Rac1 {[%emt 0:00:02]} Rfd8 {[%emt 0:
00:07]} 15. Rfe1 {[%emt 0:00:01]} Rac8 {[%emt 0:00:03]} 16. d5 {[%emt 0:00:04]}
e5 {[%emt 0:00:09]} 17. Nxe5 {[%emt 0:00:08]} Nxe5 {[%emt 0:00:07]} 18. Bxe5 {
[%emt 0:00:02]} Bd6 {[%emt 0:00:01]} 19. Bxf6 {[%emt 0:00:03]} gxf6 {[%emt 0:
00:02]} 20. Ne4 {[%emt 0:00:01]} Be5 {[%emt 0:00:07]} 21. Bh3 {[%emt 0:00:11]}
Rb8 {[%emt 0:00:02]} 22. Qf3 {[%emt 0:00:02]} Qe7 {[%emt 0:00:03]} 23. Bf5 {
[%emt 0:00:01]} Qf8 {[%emt 0:00:15]} 24. Red1 {[%emt 0:00:16]} Qg7 {[%emt 0:00:
08]} 25. Bh3 {[%emt 0:00:41]} Bc8 {[%emt 0:00:03]} 26. Bxc8 {[%emt 0:00:02]}
Rbxc8 {[%emt 0:00:01]} 27. Qf5 {[%emt 0:00:02]} Qg6 {[%emt 0:00:11]} 28. Qf3 {
[%emt 0:00:11]} f5 {[%emt 0:00:15]} 29. Nd2 {[%emt 0:00:01]} Bd4 {[%emt 0:00:
13]} 30. Nb3 {[%emt 0:00:03]} Bb2 {[%emt 0:00:06]} 31. Rc2 {[%emt 0:00:02]} Ba3
{[%emt 0:00:01]} 32. Nd4 {[%emt 0:00:01]} Bc5 {[%emt 0:00:07]} 33. Nxf5 {[%emt
0:00:01]} Re8 {[%emt 0:00:13]} 34. d6 {[%emt 0:00:04]} Bxd6 {[%emt 0:00:04]}
35. Rxd6 {[%emt 0:00:02]} Re5 {[%emt 0:00:07]} 36. Rxg6+ {[%emt 0:00:06]
Franky Bono resigns} 1-0

[Event "Benidorm Satellite preliminary"]
[Site "playchess.com #007036"]
[Date "2009.10.24"]
[Round "3"]
[White "Masfouf"]
[Black "Roi folichon"]
[Result "1-0"]
[WhiteElo "2078"]
[BlackElo "1599"]
[PlyCount "69"]
[EventDate "2009.10.24"]
[EventType "swiss (blitz)"]

1. e4 {[%emt 0:00:00]} e5 {[%emt 0:00:01]} 2. Nf3 {[%emt 0:00:02]} Nc6 {[%emt
0:00:01]} 3. Bb5 {[%emt 0:00:00]} d6 {[%emt 0:00:01]} 4. O-O {[%emt 0:00:02]}
Bg4 {[%emt 0:00:00]} 5. c3 {[%emt 0:00:01]} Nf6 {[%emt 0:00:00]} 6. h3 {[%emt
0:00:00]} Be6 {[%emt 0:00:02]} 7. d4 {[%emt 0:00:02]} exd4 {[%emt 0:00:01]} 8.
cxd4 {[%emt 0:00:01]} Bd7 {[%emt 0:00:01]} 9. Nc3 {[%emt 0:00:17]} a6 {[%emt 0:
00:02]} 10. Bd3 {[%emt 0:00:04]} Be7 {[%emt 0:00:03]} 11. Bg5 {[%emt 0:00:01]}
h6 {[%emt 0:00:02]} 12. Bh4 {[%emt 0:00:02]} Ng8 {[%emt 0:00:08]} 13. Bg3 {
[%emt 0:00:03]} g5 {[%emt 0:00:07]} 14. d5 {[%emt 0:00:09]} Ne5 {[%emt 0:00:04]
} 15. Nxe5 {[%emt 0:00:01]} dxe5 {[%emt 0:00:01]} 16. Bxe5 {[%emt 0:00:01]} Bf6
{[%emt 0:00:01]} 17. Bg3 {[%emt 0:00:05]} Qe7 {[%emt 0:00:05]} 18. e5 {[%emt 0:
00:01]} Bg7 {[%emt 0:00:02]} 19. d6 {[%emt 0:00:02]} cxd6 {[%emt 0:00:02]} 20.
exd6 {[%emt 0:00:01]} Qf6 {[%emt 0:00:11]} 21. Nd5 {[%emt 0:00:02]} Qxb2 {
[%emt 0:00:10]} 22. Nc7+ {[%emt 0:00:04]} Kd8 {[%emt 0:00:04]} 23. Rb1 {[%emt
0:00:01]} Qd4 {[%emt 0:00:15]} 24. Nxa8 {[%emt 0:00:02]} Nf6 {[%emt 0:00:02]}
25. Rxb7 {[%emt 0:00:03]} Bc8 {[%emt 0:00:08]} 26. Rxf7 {[%emt 0:00:05]} Nd5 {
[%emt 0:00:07]} 27. Nc7 {[%emt 0:00:11]} Be5 {[%emt 0:00:21]} 28. Bxe5 {[%emt
0:00:06]} Qxe5 {[%emt 0:00:06]} 29. Nxd5 {[%emt 0:00:01]} Qxd5 {[%emt 0:00:04]}
30. Bg6 {[%emt 0:00:05]} Bb7 {[%emt 0:00:16]} 31. Qxd5 {[%emt 0:00:03]} Bxd5 {
[%emt 0:00:01]} 32. Ra7 {[%emt 0:00:00]} Bc4 {[%emt 0:00:07]} 33. Rc1 {[%emt 0:
00:03]} Re8 {[%emt 0:00:17]} 34. Bxe8 {[%emt 0:00:07]} Kxe8 {[%emt 0:00:01]}
35. Rxc4 {[%emt 0:00:02] Roi folichon abandonne} 1-0

[Event "Benidorm Satellite preliminary"]
[Site "playchess.com #007036"]
[Date "2009.10.24"]
[Round "3"]
[White "Smartmove"]
[Black "Džundi"]
[Result "0-1"]
[WhiteElo "2335"]
[BlackElo "2648"]
[PlyCount "50"]
[EventDate "2009.10.24"]
[EventType "swiss (blitz)"]

1. d4 {[%emt 0:00:01]} Nf6 {[%emt 0:00:01]} 2. c4 {[%emt 0:00:02]} g6 {[%emt 0:
00:01]} 3. Nc3 {[%emt 0:00:02]} d5 {[%emt 0:00:01]} 4. Nf3 {[%emt 0:00:03]} Bg7
{[%emt 0:00:03]} 5. Bg5 {[%emt 0:00:01]} dxc4 {[%emt 0:00:01]} 6. e4 {[%emt 0:
00:02]} c5 {[%emt 0:00:01]} 7. d5 {[%emt 0:00:03]} b5 {[%emt 0:00:02]} 8. d6 {
[%emt 0:00:07]} Bb7 {[%emt 0:00:02]} 9. e5 {[%emt 0:00:19]} Ne4 {[%emt 0:00:03]
} 10. Bxe7 {[%emt 0:01:24]} Qa5 {[%emt 0:00:04]} 11. Be2 {[%emt 0:00:06]} Nc6 {
[%emt 0:00:19]} 12. O-O {[%emt 0:00:18]} Nxe7 {[%emt 0:00:07]} 13. dxe7 {[%emt
0:00:08]} Nxc3 {[%emt 0:00:04]} 14. bxc3 {[%emt 0:00:02]} Qc7 {[%emt 0:00:01]}
15. Rb1 {[%emt 0:00:07]} a6 {[%emt 0:00:07]} 16. a4 {[%emt 0:00:02]} Qxe7 {
[%emt 0:00:15]} 17. axb5 {[%emt 0:00:04]} axb5 {[%emt 0:00:02]} 18. Rxb5 {
[%emt 0:00:03]} O-O {[%emt 0:00:01]} 19. Qb1 {[%emt 0:00:15]} Bc6 {[%emt 0:00:
08]} 20. Rb6 {[%emt 0:00:01]} Rac8 {[%emt 0:00:06]} 21. Rd1 {[%emt 0:00:04]}
Bxf3 {[%emt 0:00:04]} 22. Bxf3 {[%emt 0:00:01]} Qxe5 {[%emt 0:00:01]} 23. Rc1 {
[%emt 0:00:14]} Rfd8 {[%emt 0:00:08]} 24. g3 {[%emt 0:00:05]} Rd3 {[%emt 0:00:
02]} 25. Be2 {[%emt 0:00:04]} Qxe2 {[%emt 0:00:03] Smartmove gibt auf} 0-1

[Event "Benidorm Satellite preliminary"]
[Site "playchess.com #007036"]
[Date "2009.10.24"]
[Round "3"]
[White "Alexrules01"]
[Black "Nerpa"]
[Result "0-1"]
[WhiteElo "1595"]
[BlackElo "2087"]
[PlyCount "76"]
[EventDate "2009.10.24"]
[EventType "swiss (blitz)"]

1. d4 {[%emt 0:00:03]} Nf6 {[%emt 0:00:01]} 2. c4 {[%emt 0:00:00]} g6 {[%emt 0:
00:01]} 3. Nc3 {[%emt 0:00:01]} Bg7 {[%emt 0:00:01]} 4. e4 {[%emt 0:00:00]} O-O
{[%emt 0:00:02]} 5. e5 {[%emt 0:00:03]} Ne8 {[%emt 0:00:01]} 6. f4 {[%emt 0:00:
01]} d6 {[%emt 0:00:01]} 7. Nf3 {[%emt 0:00:01]} dxe5 {[%emt 0:00:01]} 8. fxe5
{[%emt 0:00:01]} f6 {[%emt 0:00:05]} 9. Bf4 {[%emt 0:00:10]} fxe5 {[%emt 0:00:
04]} 10. dxe5 {[%emt 0:00:06]} Qxd1+ {[%emt 0:00:02]} 11. Rxd1 {[%emt 0:00:01]}
Rxf4 {[%emt 0:00:04]} 12. Nd5 {[%emt 0:00:06]} Rf8 {[%emt 0:00:06]} 13. Nxe7+ {
[%emt 0:00:02]} Kh8 {[%emt 0:00:01]} 14. Nxc8 {[%emt 0:00:03]} Nc6 {[%emt 0:00:
02]} 15. Be2 {[%emt 0:00:37]} Rxc8 {[%emt 0:00:02]} 16. O-O {[%emt 0:00:02]}
Nxe5 {[%emt 0:00:06]} 17. Nxe5 {[%emt 0:00:02]} Rxf1+ {[%emt 0:00:01]} 18. Rxf1
{[%emt 0:00:01]} Bxe5 {[%emt 0:00:01]} 19. Bg4 {[%emt 0:00:08]} Bd4+ {[%emt 0:
00:02]} 20. Kh1 {[%emt 0:00:02]} Rd8 {[%emt 0:00:01]} 21. Rd1 {[%emt 0:00:16]}
Nf6 {[%emt 0:00:02]} 22. Bf3 {[%emt 0:00:03]} Re8 {[%emt 0:00:08]} 23. Bxb7 {
[%emt 0:00:08]} Bxb2 {[%emt 0:00:02]} 24. h3 {[%emt 0:00:03]} Ne4 {[%emt 0:00:
04]} 25. Rb1 {[%emt 0:00:30]} Ng3+ {[%emt 0:00:27]} 26. Kh2 {[%emt 0:00:11]}
Be5 {[%emt 0:00:03]} 27. Bd5 {[%emt 0:00:08]} Ne2+ {[%emt 0:00:04]} 28. Kh1 {
[%emt 0:00:03]} Nc3 {[%emt 0:00:00]} 29. Re1 {[%emt 0:00:11]} Nxd5 {[%emt 0:00:
03]} 30. cxd5 {[%emt 0:00:00]} Kg7 {[%emt 0:00:03]} 31. g4 {[%emt 0:00:02]} Kf7
{[%emt 0:00:02]} 32. Kg2 {[%emt 0:00:01]} Bd6 {[%emt 0:00:01]} 33. Rf1+ {[%emt
0:00:04]} Kg7 {[%emt 0:00:02]} 34. Kf3 {[%emt 0:00:08]} Rf8+ {[%emt 0:00:01]}
35. Ke2 {[%emt 0:00:02]} Rxf1 {[%emt 0:00:00]} 36. Kxf1 {[%emt 0:00:01]} Kf6 {
[%emt 0:00:00]} 37. Kg2 {[%emt 0:00:01]} Ke5 {[%emt 0:00:00]} 38. Kf3 {[%emt 0:
00:02]} Kxd5 {[%emt 0:00:00] Alexrules01 resigns} 0-1

[Event "Benidorm Satellite preliminary"]
[Site "playchess.com #007036"]
[Date "2009.10.24"]
[Round "3"]
[White "Öschi"]
[Black "Knetterbernd"]
[Result "0-1"]
[WhiteElo "1782"]
[BlackElo "2220"]
[PlyCount "74"]
[EventDate "2009.10.24"]
[EventType "swiss (blitz)"]

1. e4 {[%emt 0:00:01]} e5 {[%emt 0:00:01]} 2. Nf3 {[%emt 0:00:01]} Nc6 {[%emt
0:00:01]} 3. Bb5 {[%emt 0:00:00]} Nge7 {[%emt 0:00:02]} 4. c3 {[%emt 0:00:02]}
d5 {[%emt 0:00:02]} 5. Qe2 {[%emt 0:00:07]} f6 {[%emt 0:00:10]} 6. d4 {[%emt 0:
00:04]} Bg4 {[%emt 0:00:08]} 7. h3 {[%emt 0:00:06]} Bxf3 {[%emt 0:00:02]} 8.
gxf3 {[%emt 0:00:07]} a6 {[%emt 0:00:08]} 9. exd5 {[%emt 0:00:05]} Qxd5 {[%emt
0:00:05]} 10. Bc4 {[%emt 0:00:02]} Qd6 {[%emt 0:00:03]} 11. f4 {[%emt 0:00:04]}
exd4 {[%emt 0:00:04]} 12. Qe6 {[%emt 0:00:10]} Qxe6+ {[%emt 0:00:13]} 13. Bxe6
{[%emt 0:00:01]} Ng6 {[%emt 0:00:02]} 14. f5 {[%emt 0:00:03]} Nge5 {[%emt 0:00:
08]} 15. f4 {[%emt 0:00:24]} Nd3+ {[%emt 0:00:02]} 16. Kd2 {[%emt 0:00:01]}
Nxf4 {[%emt 0:00:06]} 17. Re1 {[%emt 0:00:03]} Nxe6 {[%emt 0:00:02]} 18. Rxe6+
{[%emt 0:00:02]} Kf7 {[%emt 0:00:04]} 19. Kd3 {[%emt 0:00:03]} Ne5+ {[%emt 0:
00:13]} 20. Kxd4 {[%emt 0:00:04]} Rd8+ {[%emt 0:00:03]} 21. Ke4 {[%emt 0:00:07]
} Rd1 {[%emt 0:00:03]} 22. Bf4 {[%emt 0:00:06]} Bd6 {[%emt 0:00:04]} 23. Bxe5 {
[%emt 0:00:43]} Bxe5 {[%emt 0:00:04]} 24. Ke3 {[%emt 0:00:01]} Rhd8 {[%emt 0:
00:03]} 25. Ke2 {[%emt 0:00:05]} Rh1 {[%emt 0:00:03]} 26. a4 {[%emt 0:00:14]}
Rdd1 {[%emt 0:00:03]} 27. Ra3 {[%emt 0:00:01]} Rxb1 {[%emt 0:00:02]} 28. Rb3 {
[%emt 0:00:00]} Rh2+ {[%emt 0:00:09]} 29. Kd3 {[%emt 0:00:01]} b6 {[%emt 0:00:
07]} 30. Rb4 {[%emt 0:00:03]} Rbxb2 {[%emt 0:00:05]} 31. Rc4 {[%emt 0:00:01]}
Rxh3+ {[%emt 0:00:07]} 32. Ke4 {[%emt 0:00:03]} Rh4+ {[%emt 0:00:06]} 33. Kd3 {
[%emt 0:00:01]} Rxc4 {[%emt 0:00:04]} 34. Kxc4 {[%emt 0:00:00]} b5+ {[%emt 0:
00:02]} 35. axb5 {[%emt 0:00:01]} axb5+ {[%emt 0:00:01]} 36. Kc5 {[%emt 0:00:
00]} Bxc3 {[%emt 0:00:03]} 37. Rc6 {[%emt 0:00:01]} Be5 {[%emt 0:00:02] Öschi
gibt auf} 0-1

[Event "Benidorm Satellite preliminary"]
[Site "playchess.com #007036"]
[Date "2009.10.24"]
[Round "3"]
[White "Lucchi Lorenzo"]
[Black "sabla"]
[Result "1-0"]
[WhiteElo "2162"]
[BlackElo "1765"]
[PlyCount "111"]
[EventDate "2009.10.24"]
[EventType "swiss (blitz)"]

1. e4 {[%emt 0:00:03]} Nc6 {[%emt 0:00:02]} 2. Nf3 {[%emt 0:00:01]} d5 {[%emt
0:00:01]} 3. exd5 {[%emt 0:00:01]} Qxd5 {[%emt 0:00:01]} 4. Nc3 {[%emt 0:00:01]
} Qa5 {[%emt 0:00:01]} 5. Be2 {[%emt 0:00:04]} Bg4 {[%emt 0:00:01]} 6. O-O {
[%emt 0:00:01]} e6 {[%emt 0:00:01]} 7. h3 {[%emt 0:00:01]} Bh5 {[%emt 0:00:01]}
8. d4 {[%emt 0:00:01]} O-O-O {[%emt 0:00:02]} 9. Be3 {[%emt 0:00:01]} Nf6 {
[%emt 0:00:02]} 10. Qd2 {[%emt 0:00:02]} Bxf3 {[%emt 0:00:15]} 11. Bxf3 {[%emt
0:00:02]} Nxd4 {[%emt 0:00:02]} 12. Bxd4 {[%emt 0:00:05]} e5 {[%emt 0:00:01]}
13. Bb6 {[%emt 0:00:11]} Qxb6 {[%emt 0:00:08]} 14. Qe2 {[%emt 0:00:15]} Bd6 {
[%emt 0:00:02]} 15. Ne4 {[%emt 0:00:02]} Nxe4 {[%emt 0:00:17]} 16. Qxe4 {[%emt
0:00:00]} g6 {[%emt 0:00:02]} 17. a4 {[%emt 0:00:03]} f5 {[%emt 0:00:02]} 18.
Qd5 {[%emt 0:00:05]} e4 {[%emt 0:00:04]} 19. a5 {[%emt 0:00:04]} Qc5 {[%emt 0:
00:09]} 20. Qe6+ {[%emt 0:00:02]} Kb8 {[%emt 0:00:02]} 21. Be2 {[%emt 0:00:04]}
Rde8 {[%emt 0:00:09]} 22. Qb3 {[%emt 0:00:05]} a6 {[%emt 0:00:01]} 23. Bxa6 {
[%emt 0:00:02]} Qb4 {[%emt 0:00:08]} 24. Qxb4 {[%emt 0:00:06]} Bxb4 {[%emt 0:
00:01]} 25. Bc4 {[%emt 0:00:01]} f4 {[%emt 0:00:05]} 26. c3 {[%emt 0:00:01]}
Bc5 {[%emt 0:00:02]} 27. b4 {[%emt 0:00:01]} Ba7 {[%emt 0:00:03]} 28. a6 {
[%emt 0:00:06]} bxa6 {[%emt 0:00:04]} 29. Rxa6 {[%emt 0:00:02]} e3 {[%emt 0:00:
01]} 30. Rfa1 {[%emt 0:00:07]} exf2+ {[%emt 0:00:06]} 31. Kf1 {[%emt 0:00:03]}
Re1+ {[%emt 0:00:14]} 32. Rxe1 {[%emt 0:00:02]} fxe1=Q+ {[%emt 0:00:02]} 33.
Kxe1 {[%emt 0:00:00]} Re8+ {[%emt 0:00:04]} 34. Re6 {[%emt 0:00:01]} Rd8 {
[%emt 0:00:06]} 35. Bb5 {[%emt 0:00:02]} Be3 {[%emt 0:00:04]} 36. Re8 {[%emt 0:
00:03]} Rxe8 {[%emt 0:00:02]} 37. Bxe8 {[%emt 0:00:01]} h6 {[%emt 0:00:03]} 38.
Bxg6 {[%emt 0:00:02]} c5 {[%emt 0:00:01]} 39. bxc5 {[%emt 0:00:06]} Bxc5 {
[%emt 0:00:04]} 40. Ke2 {[%emt 0:00:00]} Be3 {[%emt 0:00:01]} 41. Kf3 {[%emt 0:
00:01]} Kc7 {[%emt 0:00:01]} 42. Kg4 {[%emt 0:00:01]} Kd6 {[%emt 0:00:02]} 43.
c4 {[%emt 0:00:03]} Kc5 {[%emt 0:00:01]} 44. Bf7 {[%emt 0:00:01]} Kd4 {[%emt 0:
00:01]} 45. Bd5 {[%emt 0:00:02]} Ke5 {[%emt 0:00:01]} 46. Kh5 {[%emt 0:00:01]}
Kf5 {[%emt 0:00:03]} 47. Bf3 {[%emt 0:00:02]} Ke5 {[%emt 0:00:06]} 48. Kxh6 {
[%emt 0:00:06]} Kd4 {[%emt 0:00:01]} 49. Kg6 {[%emt 0:00:01]} Kxc4 {[%emt 0:00:
01]} 50. h4 {[%emt 0:00:00]} Bd4 {[%emt 0:00:05]} 51. h5 {[%emt 0:00:01]} Kc5 {
[%emt 0:00:01]} 52. h6 {[%emt 0:00:01]} Kd6 {[%emt 0:00:01]} 53. Kf7 {[%emt 0:
00:01]} Be5 {[%emt 0:00:05]} 54. h7 {[%emt 0:00:00]} Kd7 {[%emt 0:00:02]} 55.
Kg8 {[%emt 0:00:00]} Ke7 {[%emt 0:00:02]} 56. h8=Q {[%emt 0:00:00] sabla
resigns} 1-0